000 00428nam a2200169 a 4500
001 0000-8700
003 ELIB.Books
008 110520 1988
035 _a(ELIB.Books)0000-8846
082 _a268.433
_bBur
100 _aBurns, Jim
245 _aThe Youth Builder
260 _bEugene: Harvest House Publishers
_c1988
650 _aChristian Education
942 _2ddc
_cBK
998 _cbat
_e2011-05-20
999 _c8700
_d8700